Top 50 - Largest City in Each Country Beginning With 'H' - Statistics

General Stats
  • This quiz has been taken 222 times
  • The average score is 20 of 50
Answer Stats
# Population Country Answer % Correct
44 104,532 Ghana Ho
100%
1 13,500,000 Vietnam Ho Chi Minh City
99%
8 2,225,000 Cuba Havana
96%
10 1,510,000 Finland Helsinki
96%
5 2,900,000 Germany Hamburg
95%
6 2,600,000 Zimbabwe Harare
90%
4 7,050,000 United States Houston
89%
3 11,100,000 India Hyderābād
88%
7 2,450,000 Pakistan Hyderābād
88%
9 1,870,000 Japan Hiroshima
86%
2 13,400,000 China Hángzhōu
85%
14 803,835 Netherlands The Hague
74%
27 282,832 Israel Haifa
72%
35 169,721 Solomon Islands Honiara
64%
34 179,900 New Zealand Hamilton
62%
37 162,591 Greece Heraklion
58%
26 348,634 Canada Halifax
56%
17 652,609 Syria Homs
56%
29 230,353 Australia Hobart
55%
15 741,000 Somalia Hargeisa
50%
19 574,300 Afghanistan Herat
49%
16 703,610 North Korea Hamhŭng
35%
13 855,563 Mexico Hermosillo
34%
39 150,975 Sweden Helsingborg
31%
38 153,476 Spain Huelva
29%
18 595,304 Angola Huambo
27%
31 201,063 Palestine Hebron
24%
41 141,692 United Kingdom Huddersfield
21%
11 1,020,000 Saudi Arabia Hofuf
19%
24 450,900 Peru Huancayo
17%
36 169,264 Belgium Hasselt
14%
28 239,828 Ukraine Horlivka
14%
46 92,649 Czech Republic Hradec Kralove
14%
21 501,802 Belarus Homiel
13%
22 499,468 Taiwan Hsinchu
13%
30 207,132 Egypt Hurghada
12%
20 554,406 Iran Hamadan
8%
25 392,593 Thailand Hat Yai
6%
23 455,741 Iraq Hillah
5%
42 117,818 Guatemala Huehuetenango
4%
12 880,859 South Korea Hwaseong
3%
43 108,968 Tanzania Handeni
1%
32 193,576 Nepal Hetauda
1%
40 147,978 Dominican Republic Higüey
1%
33 188,200 Ethiopia Hosaena
1%
50 83,603 Algeria Hamma Bouziane
0%
45 94,273 South Africa Hammanskraal
0%
48 86,514 Bangladesh Hatiya
0%
49 83,762 Myanmar Hinthada
0%
47 87,151 Burkina Faso Houndé
0%
No matching quizzes found
Score Distribution
Percent of People with Each Score
Percentile by Number Answered
Your Score History
You have not taken this quiz